Neoliberalismo, pobrezas y desigualdades en el tercer mundo (Record no. 35288)
[ view plain ]
| 000 -CABECERA | |
|---|---|
| campo de control de longitud fija | 00629cam a22002292a 4500 |
| 001 - NÚMERO DE CONTROL | |
| campo de control | 023238 |
| 003 - IDENTIFICADOR DEL NÚMERO DE CONTROL | |
| campo de control | AR-FADEU |
| 005 - FECHA Y HORA DE LA ÚLTIMA TRANSACCIÓN | |
| campo de control | 20220530124816.0 |
| 008 - DATOS DE LONGITUD FIJA--INFORMACIÓN GENERAL | |
| campo de control de longitud fija | 311216n1994####xxu####################dd |
| 020 ## - ISBN | |
| Número Internacional Estándar del Libro | 950-9467-71-5 |
| 040 ## - FUENTE DE LA CATALOGACIÓN | |
| Centro/agencia transcriptor | Biblioteca Ernesto Sábato |
| 092 ## - SIGNATURA TOPOGRÁFICA | |
| Número de clasificación | 305.56 |
| Libristica | S159 |
| Sector | JLS |
| 100 ## - Autor Personal | |
| Nombre de persona | Salama, Pierre |
| 245 ## - MENCIÓN DE TÍTULO | |
| Título | Neoliberalismo, pobrezas y desigualdades en el tercer mundo |
| 260 ## - PUBLICACIÓN, DISTRIBUCIÓN, ETC. (PIE DE IMPRENTA) | |
| Lugar de publicación, distribución, etc. | Buenos Aires |
| 260 ## - PUBLICACIÓN, DISTRIBUCIÓN, ETC. (PIE DE IMPRENTA) | |
| Nombre del editor, distribuidor, etc. | Miño y Dávila |
| 260 ## - PUBLICACIÓN, DISTRIBUCIÓN, ETC. (PIE DE IMPRENTA) | |
| Fecha de publicación, distribución, etc. | 1994 |
| 300 ## - DESCRIPCIÓN FÍSICA | |
| Paginas | 242 p |
| 440 ## - MENCIÓN DE SERIE/PUNTO DE ACCESO ADICIONAL--TÍTULO | |
| Título | Políticas públicas |
| 650 ## - Descriptores Tematicos | |
| Término de materia o nombre geográfico como elemento inicial | POBREZA; CLASES SOCIALES; DESIGUALDAD SOCIAL/JLS/ |
| 942 ## - ELEMENTOS DE PUNTO DE ACCESO ADICIONAL (KOHA) | |
| Tipo de ítem Koha | JLS |
| Fuente del sistema de clasificación o colocación | Dewey Decimal Classification |
| Estado de retiro | Estado de pérdida | Fuente del sistema de clasificación o colocación | Estado dañado | No para préstamo | Localización permanente | Ubicación/localización actual | Fecha de adquisición | Número de inventario | Total de préstamos | Signatura topográfica completa | Código de barras | Fecha visto por última vez | Fecha del último préstamo | Precio válido a partir de | Tipo de ítem Koha |
|---|---|---|---|---|---|---|---|---|---|---|---|---|---|---|---|
| Dewey Decimal Classification | Biblioteca Ernesto Sabato - FADECS - UNCOMA | Biblioteca Ernesto Sabato - FADECS - UNCOMA | 30/05/2022 | 25821 | 1 | 305.56 S159 | 25821 | 02/08/2024 | 05/07/2024 | 30/05/2022 | JLS |